| 000 | 00990nam a2200265Ia 4500 | ||
|---|---|---|---|
| 003 | IN-BaIIA | ||
| 008 | 211028s9999 xx 000 0 eng d | ||
| 020 | _a1-58381-077-3 | ||
| 040 | _cIIA Library | ||
| 080 |
_a082.2:52 _bASP-240 |
||
| 111 |
_a20th Anniversary of the VLA _cNew Mexico, U.S.A. _d2000 May 21-14 _926006 |
||
| 245 | 0 |
_aGas and galaxy evolution _bproceedings of a conference in honor of the 20th anniversary of the VLA held in New Mexico, U.S.A., May 21-14, 2000 _cedited by J. E. Hibbard, M. P. Rupen and J. H. Van Gorkom |
|
| 260 |
_aCalifornia _bAstronomical Society of the Pacific _c2001 |
||
| 300 | _axxxix, 887p. | ||
| 490 | _aASP conference series; v. 240 | ||
| 650 |
_aDark matter _914945 |
||
| 650 |
_aGalaxy evolution _96225 |
||
| 650 |
_aGalaxy formation _910073 |
||
| 650 |
_aGas _92913 |
||
| 650 |
_aUniverse _91987 |
||
| 700 |
_aHibbard, J. E., ed. _926007 |
||
| 700 |
_aRupen, M. P., ed. _926008 |
||
| 700 |
_aVan Gorkom, J. H., ed. _926009 |
||
| 942 | _cBK | ||
| 999 |
_c14612 _d14612 |
||